000 00699nam a2200217 a 4500
003 OSt
005 20240226125052.0
008 180220t2012 pk | |||| 000 f urd d
020 _a9789693524703
040 _c0
082 _a891.4393
_bBOY 2012
100 1 0 _aبائی کوف،واسل
_9121324
245 1 0 _aٓٓآلپس کےگيت
_cVasil Bykov tr.by Qurat-Ul-Ain Haider
246 _aAlpas kay Geet
260 _aLahore:
_bSang e Meel Pub;
_c2012.
300 _a191 p.
650 _aUrdu literature
_vNovel.
_9876
700 1 _aQurat Ul Ain Haider
_99475
942 _2ddc
_cBK
_aSADA
_k891.4393 BOY 2012
999 _c608187
_d608187